Retinoblastoma and p53 gene expression and radiosensitivity in vitro /

Saved in:
Bibliographic Details
Main Author: Tsang, Ngan-Ming.
Corporate Author: Harvard School of Public Health.
Format: Book
Language:English
Published: 1994.
Subjects:
Tags: Add Tag
No Tags, Be the first to tag this record!
LEADER 00659nam a2200205 a 4500
001 007730589-2
005 20020606104010.5
008 980310s1994 xx b 000|0 eng d
035 0 |a ocm84398044 
100 1 |a Tsang, Ngan-Ming. 
245 1 0 |a Retinoblastoma and p53 gene expression and radiosensitivity in vitro /  |c Ngan-Ming Tsang. 
260 |c 1994. 
300 |a viii, 113 leaves ;  |c 29 cm. 
502 |a Thesis (Doctor of Science)--Harvard School of Public Health, 1994. 
504 |a Includes bibliographical references. 
650 0 |a p53 antioncogene. 
650 0 |a Retinoblastoma. 
710 2 |a Harvard School of Public Health. 
988 |a 20020608 
906 |0 MH